| 000 -LEADER |
| fixed length control field |
00561cam a22001815i 4500 |
| 003 - CONTROL NUMBER IDENTIFIER |
| control field |
OSt |
| 005 - DATE AND TIME OF LATEST TRANSACTION |
| control field |
20240117092157.0 |
| 008 - FIXED-LENGTH DATA ELEMENTS--GENERAL INFORMATION |
| fixed length control field |
220820s2021 gw 000 0 eng |
| 010 ## - LIBRARY OF CONGRESS CONTROL NUMBER |
| LC control number |
2022473089 |
| 020 ## - INTERNATIONAL STANDARD BOOK NUMBER |
| International Standard Book Number |
9783868597103 |
| Qualifying information |
English edition |
| -- |
paperback |
| 082 ## - DEWEY DECIMAL CLASSIFICATION NUMBER |
| Classification number |
307.76 |
| Item number |
DOR |
| 240 00 - UNIFORM TITLE |
| Uniform title |
<a href="Die Stadt nach Corona.">Die Stadt nach Corona.</a> |
| Language of a work |
English |
| 245 00 - TITLE STATEMENT |
| Title |
Post-pandemic urbanism / |
| Statement of responsibility, etc |
Doris Kleilein / Friederike Meyer (eds.). |
| 300 ## - PHYSICAL DESCRIPTION |
| Extent |
192 pages : |
| Other physical details |
illustrations ; |
| Dimensions |
21 cm |
| 776 08 - ADDITIONAL PHYSICAL FORM ENTRY |
| International Standard Book Number |
9783868596717 |
| Display text |
German edition |
| 776 08 - ADDITIONAL PHYSICAL FORM ENTRY |
| International Standard Book Number |
9783868599817 |
| Display text |
PDF version |
| 942 ## - ADDED ENTRY ELEMENTS (KOHA) |
| Source of classification or shelving scheme |
|